|
|
|
|
| LEADER |
00000nam0a2200000 4500 |
| 001 |
67413 |
| 005 |
20231031073534.0 |
| 035 |
|
|
|a (RuTPU)RU\TPU\book\71778
|
| 090 |
|
|
|a 67413
|
| 100 |
|
|
|a 20040915d1976 km y0rusy50 ca
|
| 101 |
0 |
|
|a rus
|
| 102 |
|
|
|a RU
|
| 105 |
|
|
|a a z 000zy
|
| 200 |
1 |
|
|a Путешествия в прошлое земли
|f В. П. Гаврилов
|
| 210 |
|
|
|a Москва
|c Недра
|d 1976
|
| 215 |
|
|
|a 144 с.
|c ил.
|
| 610 |
1 |
|
|a Земля
|
| 610 |
1 |
|
|a геология
|
| 610 |
1 |
|
|a происхождение
|
| 610 |
1 |
|
|a тектонические движения
|
| 610 |
1 |
|
|a геологическая история
|
| 610 |
1 |
|
|a эволюция
|
| 610 |
1 |
|
|a животный мир
|
| 610 |
1 |
|
|a растительный мир
|
| 675 |
|
|
|a 551.1
|v 3
|
| 700 |
|
1 |
|a Гаврилов
|b В. П.
|g Виктор Петрович
|
| 801 |
|
1 |
|a RU
|b 63413507
|c 20040915
|g PSBO
|
| 801 |
|
2 |
|a RU
|b 63413507
|c 20050131
|g PSBO
|
| 942 |
|
|
|c BK
|